| 000 | 00668nam a2200265Ia 4500 | ||
|---|---|---|---|
| 003 | OSt | ||
| 005 | 20220912151321.0 | ||
| 006 | a|||||r|||| 00| 0 | ||
| 007 | ta | ||
| 008 | 220909b |||||||| |||| 00| 0 eng d | ||
| 024 | _a27747 | ||
| 037 | _cTextual | ||
| 040 |
_aCSL _beng _cCSL |
||
| 041 | _aeng | ||
| 082 | _aY:5(L:394), L8 | ||
| 100 | _aAndorka Rudolf | ||
| 245 | 0 | _aDetermination of fertility in advanced societies | |
| 260 | _c1978 | ||
| 300 |
_aix,431p. _ccm. |
||
| 500 | _aBibliography 385-419p | ||
| 650 | _a Demography | ||
| 650 | _aFertility | ||
| 942 |
_hY:5(L:394), L8 _cTEXL _2CC |
||
| 999 |
_c65853 _d65853 |
||